000 00469nam a2200169Ia 4500
008 240729s9999 xx 000 0 und d
022 _a2543-4292
245 0 _aPower Electronics and Drives
260 _aPoland
260 _bSciendo
650 _a Electrical engineering. Electronics. Nuclear engineering
650 _a Electronics
650 _aTechnology
856 _uhttps://doaj.org/toc/e6d4bf152888451a946d2e0bac5e0a71
942 _2ddc
942 _cDOAJEJ
999 _c67548
_d67548
945 _a1
_bMadushi Gamage
_c1
_dMadushi Gamage